000 01612cam a22004458i 4500
999 _c57596
_d57596
001 18972891
005 20221105215054.0
008 160209s2017 nyu b 001 0 eng
010 _a 2016006309
020 _a9781259835728 (pbk. : alk. paper) 1
020 _a1259835723 (pbk. : alk. paper) 1
035 _a(DNLM)101676503
040 _aDNLM/DLC
_erda
_cDLC
041 _aeng
042 _apcc
050 0 0 _aRC648
060 1 0 _aWK 140
080 _a616.4 H-23
082 0 0 _a616.4
_223
245 0 0 _aHarrison's endocrinology /
_ceditor, J. Larry Jameson.
246 1 _aEndocrinology
250 _aFourth edition.
263 _a1609
264 1 _aNew York :
_bMcGraw-Hill Education Medical,
_c[2017]
300 _a598 p. ;
_c30 cm.
336 _atext
_2rdacontent
337 _aunmediated
_2rdamedia
338 _avolume
_2rdacarrier
500 _aContained in: Harrison's principles of internal medicine. 19th ed. [2015].
504 _aIncludes bibliographical references and index.
650 1 2 _aEndocrine System Diseases
_99171
650 2 2 _aMetabolic Diseases
_98813
653 _aმედიცინა
653 _aენდოკრინოლოგია
700 1 _aJameson, J. Larry,
_eრედაქტორი
_99172
730 0 _aHarrison's principles of internal medicine.
_s19th edition.
_iContained in (expression):
_98353
776 0 8 _iOnline version:
_tHarrison's endocrinology
_bFourth edition.
_dNew York : McGraw-Hill Education Medical, [2017]
_z9781259835735
_w(DLC) 2016007362
906 _a7
_bcbc
_corignew
_d1
_eecip
_f20
_gy-gencatlg
942 _2udc
_cBK